000 01540nam a2200325 i 4500
003 EG-GICUC
005 20260121101519.0
008 251217m20171438ua ||||fr ||| 00| 0 ara d
017 _a201619100
040 _aEG-GICUC
_cEG-GICUC
_dEG-GICUC
_erda
_bara
041 0 _aara
082 0 4 _221
_a341.81
_bع ن . ق
092 0 4 _221
099 _aLaw1 12 341.81 ع ن . ق 3 ed - 2017
100 0 _aعنايت عبدالحميد ثابت
_eمؤلف.
245 1 0 _aقراءة متأنية في تشريع تنظيم رعوية الدولة المصرية :
_bدراسة تحليلية انتقادية لتشريع تنظيم رعوية جمهورية مصر العربية القائم الرقيم 26 لسنة 1975 معدلا بالقانون الرقيم 154 لسنة 2004 (قول اصيل وفكر اصيل) /
_cعنايت عبدالحميد ثابت.
250 _aالطبعة الثالثة
_bمنقحة ومزيدة
264 0 _aالقاهرة :
_b[ الناشر غير محدد]،
_c2017.
300 _a 237 صفحة ؛
_c30 سم.
336 _atext
_2rda content
337 _aComputer
_2rda media
338 _aOnline Resource
_2rda carrier
504 _aيحتوي على ارجاعات ببليوجرافية
546 _aالنص أغلبه باللغة العربية مع بعض النصوص الفرنسية
650 1 4 _aالجنسية
_xقانون دولي خاص
_2qrmak
651 1 _2qrmak
856 _uhttps://fll.law.cu.edu.eg/fulltext/bks/B12-01647.pdf
905 _a75
_eHassnaa
942 _2ddc
_cBK
_e21
_n0
999 _c51335
_d51335